A la decouverte du Gotal /

Bibliographic Details
Main Author: Martel, Suzanne, 1924-2012
Format: Book
Language:French
Published: Montreal : Fides, 1979.
Subjects:

MARC

Tag First Indicator Second Indicator Subfields
LEADER 00000cam a2200000 a 4500
001 in00000075500
005 20151008053630.0
008 800425s1979 qucaf 00010afrem
010 |a  79127374  
015 |a C*** 
020 |a 2762107806 :  |c $17.45 
035 |a (OCoLC)06330495 
035 |9 AAH8094AM 
040 |a DLC  |c DLC  |d m.c.  |d TXA  |d UtOrBLW 
043 |a a-ii--- 
049 |a TXAM  |c [1803099] 
050 0 0 |a DS414  |b .M336 
082 0 |a 915.4/0451 
100 1 |a Martel, Suzanne,  |d 1924-2012. 
245 1 0 |a A la decouverte du Gotal /  |c Suzanne Martel. 
264 1 |a Montreal :  |b Fides,  |c 1979. 
300 |a 405 pages, 16 unnumbered pages of plates :  |b illustrations ;  |c 23 cm. 
336 |a text  |b txt  |2 rdacontent 
337 |a unmediated  |b n  |2 rdamedia 
338 |a volume  |b nc  |2 rdacarrier 
600 1 0 |a Martel, Suzanne,  |d 1924-2012. 
651 0 |a India  |x Description and travel. 
999 |a MARS 
999 f f |s df0b1d0c-c71e-3154-832e-cc0970133140  |i d216d0ec-ab9e-38bc-996f-a8979e25d1e1  |t 0 
952 f f |p ric  |a Texas A&M University  |b Rellis Campus  |c Joint Library Facility  |d Remote Storage  |t 0  |e DS414 .M336  |h Library of Congress classification  |i unmediated -- volume  |m A14806101356 
998 f f |a DS414 .M336  |t 0  |l Remote Storage